[Event "FRA-ch Blitz Online Qual"]
[Site "Europe Echecs INT"]
[Date "2020.05.16"]
[Round "14"]
[White "Briand, Maxime"]
[Black "Falip Morales, Tom"]
[Result "0-1"]
[WhiteElo "1662"]
[BlackElo "1344"]
[PlyCount "74"]
[EventDate "2020.05.16"]
[EventType "swiss (blitz)"]
[EventRounds "15"]
[EventCountry "FRA"]
[SourceTitle "CBM 196 Extra"]
[Source "ChessBase"]
[SourceDate "2020.07.31"]
[SourceVersion "1"]
[SourceVersionDate "2020.07.31"]
[SourceQuality "1"]

1. c4 Nf6 2. d4 c5 3. d5 e6 4. Nc3 exd5 5. cxd5 d6 6. e4 g6 7. Nf3 Bg7 8. h3 0-0 9. Bd3 Re8 10. 0-0 a6 11. a4 Nfd7 12. Bf4 Ne5 13. Nxe5 Bxe5 14. Bxe5 Rxe5 15. f4 Re8 16. Qc2 Nd7 17. Rae1 Qb6 18. Kh1 Qc7 19. f5 Ne5 20. f6 c4 21. Be2 h6 22. Qd2 Kh7 23. Kh2 Bd7 24. g4 b5 25. axb5 axb5 26. g5 h5 27. Qd1 b4 28. Bxh5 bxc3 29. bxc3 Ra2+ 30. Kh1 Bxh3 31. Rf4 Nd3 32. Bxg6+ Kxg6 33. Re2 Rxe2 34. Qxe2 Rh8 35. Rf3 Bf1+ 36. Qh2 Rxh2+ 37. Kxh2 Be2 0-1

[Event "FRA-ch Blitz Online Qual"]
[Site "Europe Echecs INT"]
[Date "2020.05.16"]
[Round "12"]
[White "Briand, Maxime"]
[Black "Nguyen, Theo"]
[Result "1-0"]
[WhiteElo "1662"]
[BlackElo "1309"]
[PlyCount "101"]
[EventDate "2020.05.16"]
[EventType "swiss (blitz)"]
[EventRounds "15"]
[EventCountry "FRA"]
[SourceTitle "CBM 196 Extra"]
[Source "ChessBase"]
[SourceDate "2020.07.31"]
[SourceVersion "1"]
[SourceVersionDate "2020.07.31"]
[SourceQuality "1"]

1. d4 c6 2. c4 d5 3. Nf3 Bf5 4. Nc3 e6 5. e3 Nf6 6. Bd3 Bxd3 7. Qxd3 Bd6 8. 0-0 0-0 9. b3 Nbd7 10. Bb2 e5 11. dxe5 Nxe5 12. Nxe5 Bxe5 13. Rad1 dxc4 14. Qxc4 Qc7 15. h3 Rfd8 16. a4 a6 17. f4 Bxc3 18. Bxc3 Nd5 19. Qd4 f6 20. Qc4 Kh8 21. Rfe1 Rac8 22. Kf2 Re8 23. g3 Qb6 24. Bd4 Qc7 25. b4 Nb6 26. Qb3 Nd5 27. Rc1 Qd7 28. e4 Nc7 29. Qe3 Qxh3 30. Rh1 Qg4 31. e5 Nd5 32. Qf3 Qxf3+ 33. Kxf3 fxe5 34. Bxe5 h6 35. Rxh6+ Kg8 36. Rh2 Kf7 37. Rch1 Nf6 38. g4 Red8 39. g5 Rd3+ 40. Ke2 Rcd8 41. gxf6 Rd2+ 42. Kf3 R8d3+ 43. Kg4 Rxh2 44. Rxh2 gxf6 45. Bb2 Rb3 46. Kf5 Rxb4 47. Rh7+ Ke8 48. Bxf6 Rxa4 49. Be5 Kd8 50. Ke6 Kc8 51. Rh8# 1-0

[Event "FRA-ch Blitz Online Qual"]
[Site "Europe Echecs INT"]
[Date "2020.05.16"]
[Round "6"]
[White "Briand, Maxime"]
[Black "Ogier, Daniil"]
[Result "1/2-1/2"]
[WhiteElo "1662"]
[BlackElo "1059"]
[PlyCount "97"]
[EventDate "2020.05.16"]
[EventType "swiss (blitz)"]
[EventRounds "15"]
[EventCountry "FRA"]
[SourceTitle "CBM 196 Extra"]
[Source "ChessBase"]
[SourceDate "2020.07.31"]
[SourceVersion "1"]
[SourceVersionDate "2020.07.31"]
[SourceQuality "1"]

1. c4 c5 2. Nc3 Nc6 3. g3 g6 4. Bg2 Bg7 5. Nf3 Nf6 6. 0-0 0-0 7. d3 d6 8. Qd2 Qd7 9. b3 b6 10. Bb2 Bb7 11. e4 e5 12. Rfe1 Nd4 13. Nd5 Nxf3+ 14. Bxf3 Nxd5 15. cxd5 f5 16. b4 fxe4 17. Bxe4 Qf7 18. bxc5 bxc5 19. Rf1 Bxd5 20. f4 exf4 21. Rxf4 Qe6 22. Bxg7 Kxg7 23. Qb2+ Kg8 24. Raf1 Bxe4 25. dxe4 Qe5 26. Rxf8+ Rxf8 27. Rxf8+ Kxf8 28. Qb8+ Kf7 29. Qxa7+ Ke6 30. Qb7 Qa1+ 31. Kg2 Qxa2+ 32. Kh3 Qe2 33. Qxh7 Qxe4 34. Qg8+ Ke5 35. Qg7+ Kf5 36. Qd7+ Ke5 37. Qg7+ Kd5 38. Qf7+ Qe6+ 39. Qxe6+ Kxe6 40. Kg4 Ke5 41. h4 c4 42. Kf3 Kf5 43. g4+ Ke5 44. Ke3 d5 45. h5 gxh5 46. gxh5 c3 47. Kd3 Kf5 48. Kxc3 Kg5 49. Kd4 1/2-1/2

[Event "FRA-ch Blitz Online Qual"]
[Site "Europe Echecs INT"]
[Date "2020.05.16"]
[Round "10"]
[White "Briand, Maxime"]
[Black "Zniber, Reda"]
[Result "1/2-1/2"]
[WhiteElo "1662"]
[BlackElo "1986"]
[PlyCount "115"]
[EventDate "2020.05.16"]
[EventType "swiss (blitz)"]
[EventRounds "15"]
[EventCountry "FRA"]
[SourceTitle "CBM 196 Extra"]
[Source "ChessBase"]
[SourceDate "2020.07.31"]
[SourceVersion "1"]
[SourceVersionDate "2020.07.31"]
[SourceQuality "1"]

1. c4 e5 2. Nc3 Nf6 3. g3 Bc5 4. Bg2 0-0 5. Nf3 a6 6. Nxe5 Re8 7. Nf3 Nc6 8. 0-0 d6 9. d4 Ba7 10. Bg5 h6 11. Bf4 Bg4 12. h3 Bf5 13. Re1 Qd7 14. g4 Bh7 15. a3 Ne4 16. Rc1 Re7 17. e3 Rae8 18. b4 g5 19. Bh2 f5 20. gxf5 Bxf5 21. c5 dxc5 22. dxc5 Qe6 23. Nd4 Nxd4 24. exd4 Nxc3 25. Rxe6 Nxd1 26. Rxe7 Rxe7 27. Rxd1 c6 28. d5 cxd5 29. Bxd5+ Kg7 30. Bd6 Rd7 31. Kh2 Kg6 32. f4 b6 33. c6 Rxd6 34. Bf7+ Kxf7 35. Rxd6 Bb8 36. Rxh6 gxf4 37. Kg2 Be4+ 38. Kf2 Ke7 39. a4 a5 40. b5 Bc2 41. Kf3 Bxa4 42. Rh7+ Kd6 43. Rd7+ Kc5 44. c7 Bxc7 45. Rxc7+ Kxb5 46. h4 Bb3 47. Kxf4 a4 48. Ra7 Bc2 49. h5 Kb4 50. Ke3 b5 51. Kd2 Kb3 52. h6 b4 53. h7 Bxh7 54. Rxh7 Kb2 55. Kd3 b3 56. Rh2+ Ka3 57. Kc3 b2 58. Rxb2 1/2-1/2

[Event "FRA-ch Blitz Online Qual"]
[Site "Europe Echecs INT"]
[Date "2020.05.16"]
[Round "1"]
[White "Brunner, Nicolas"]
[Black "Briand, Maxime"]
[Result "1-0"]
[WhiteElo "2428"]
[BlackElo "1662"]
[PlyCount "117"]
[EventDate "2020.05.16"]
[EventType "swiss (blitz)"]
[EventRounds "15"]
[EventCountry "FRA"]
[SourceTitle "CBM 196 Extra"]
[Source "ChessBase"]
[SourceDate "2020.07.31"]
[SourceVersion "1"]
[SourceVersionDate "2020.07.31"]
[SourceQuality "1"]

1. d4 Nf6 2. c4 e6 3. Nf3 b6 4. g3 Ba6 5. Qc2 c6 6. Bg2 Be7 7. 0-0 0-0 8. e4 d5 9. e5 Nfd7 10. b3 c5 11. dxc5 Nxc5 12. Rd1 Bb7 13. Nc3 Qc7 14. cxd5 exd5 15. Nxd5 Bxd5 16. Rxd5 Nba6 17. Ba3 Rac8 18. Rad1 Rfd8 19. Rxd8+ Rxd8 20. h4 Qc8 21. Nd4 Nb8 22. f4 Qg4 23. Kh2 Bxh4 24. Ne2 Be7 25. Rxd8+ Bxd8 26. Qd2 Qd7 27. Qxd7 Nbxd7 28. Nd4 Nb8 29. Nb5 a6 30. Nd6 Nd3 31. Bd5 Kf8 32. Nxf7+ Ke8 33. Nd6+ Kd7 34. Be4 Nc5 35. Bxh7 Nc6 36. Bf5+ Kc7 37. Ne8+ Kb7 38. Nxg7 a5 39. Ne6 Nxe6 40. Bxe6 Nd4 41. Bd5+ Ka6 42. Bb2 Nc2 43. Be4 Ne3 44. f5 Bc7 45. f6 Ng4+ 46. Kg2 Nxe5 47. Bd5 Bd6 48. f7 Ng4 49. Kf3 Nh6 50. g4 Kb5 51. g5 Nf5 52. Be4 Ne7 53. g6 a4 54. g7 axb3 55. axb3 Kb4 56. f8Q Kxb3 57. Bf6 Nf5 58. Bxf5 Bxf8 59. gxf8Q 1-0

[Event "FRA-ch Blitz Online Qual"]
[Site "Europe Echecs INT"]
[Date "2020.05.16"]
[Round "7"]
[White "Fernandez, Maylis"]
[Black "Briand, Maxime"]
[Result "0-1"]
[WhiteElo "1165"]
[BlackElo "1662"]
[PlyCount "74"]
[EventDate "2020.05.16"]
[EventType "swiss (blitz)"]
[EventRounds "15"]
[EventCountry "FRA"]
[SourceTitle "CBM 196 Extra"]
[Source "ChessBase"]
[SourceDate "2020.07.31"]
[SourceVersion "1"]
[SourceVersionDate "2020.07.31"]
[SourceQuality "1"]

1. e4 c5 2. Nf3 d6 3. c3 Nf6 4. h3 Nc6 5. Bb5 Bd7 6. Bxc6 Bxc6 7. d3 e6 8. 0-0 Be7 9. d4 Bxe4 10. dxc5 dxc5 11. Qxd8+ Rxd8 12. Ne5 0-0 13. Nd2 Bg6 14. Nxg6 hxg6 15. Nf3 Nd5 16. Bg5 Bxg5 17. Nxg5 Nf4 18. Rfe1 Nd3 19. Re3 Nxb2 20. Rae1 Rd7 21. Ne4 b6 22. Rg3 Rfd8 23. Kh2 Rd3 24. Rxd3 Rxd3 25. Ng5 Nd1 26. Ne4 Nxc3 27. Nxc3 Rxc3 28. Rd1 Rc2 29. a3 Ra2 30. Rd8+ Kh7 31. Rf8 Rxa3 32. Rxf7 c4 33. Rc7 c3 34. Kg1 b5 35. Kf1 b4 36. Ke1 Ra2 37. Kd1 Rxf2 0-1

[Event "FRA-ch Blitz Online Qual"]
[Site "Europe Echecs INT"]
[Date "2020.05.16"]
[Round "9"]
[White "Gretry, Patrice"]
[Black "Briand, Maxime"]
[Result "1-0"]
[WhiteElo "2017"]
[BlackElo "1662"]
[PlyCount "65"]
[EventDate "2020.05.16"]
[EventType "swiss (blitz)"]
[EventRounds "15"]
[EventCountry "FRA"]
[SourceTitle "CBM 196 Extra"]
[Source "ChessBase"]
[SourceDate "2020.07.31"]
[SourceVersion "1"]
[SourceVersionDate "2020.07.31"]
[SourceQuality "1"]

1. e4 c6 2. d4 d5 3. Nc3 dxe4 4. Nxe4 Bf5 5. Nc5 Qc7 6. Nf3 Nf6 7. g3 e6 8. Bf4 Bd6 9. Bxd6 Qxd6 10. c3 Qc7 11. Bg2 0-0 12. 0-0 Nbd7 13. Nd3 Rab8 14. Re1 Rfd8 15. Nde5 c5 16. Qa4 b5 17. Qb3 c4 18. Qd1 Be4 19. Nxd7 Rxd7 20. Ne5 Bxg2 21. Nxd7 Nxd7 22. Kxg2 b4 23. Qf3 Nf6 24. Rac1 Nd5 25. cxb4 Nxb4 26. a3 Nd5 27. Rc2 Qa5 28. Rec1 c3 29. bxc3 Qxa3 30. c4 Qxf3+ 31. Kxf3 Nb4 32. Rb2 Nd3 33. Rxb8# 1-0